Town of Salem Roles - Statistics

General Stats
  • This quiz has been taken 10 times
  • The average score is 28 of 49
Answer Stats
Allegiance Role Type % Correct
Neutral Arsonist Killing
88%
Town Bodyguard Protective
88%
Town Doctor Protective
88%
Town Investigator Investigative
88%
Town Sheriff Investigative
88%
Neutral Amnesiac Benign
75%
Mafia Consigliere Support
75%
Coven Coven Leader Evil
75%
Neutral Executioner Evil
75%
Mafia Godfather Killing
75%
Mafia Janitor Deception
75%
Neutral Jester Evil
75%
Mafia Mafioso Killing
75%
Town Mayor Support
75%
Neutral Serial Killer Killing
75%
Mafia Consort Support
63%
Town Crusader Protective
63%
Town Escort Support
63%
Mafia Forger Deception
63%
Town Medium Support
63%
Neutral Pirate Chaos
63%
Coven Potion Master Evil
63%
Neutral Survivor Benign
63%
Neutral Vampire Chaos
63%
Town Vampire Hunter Killing
63%
Town Veteran Killing
63%
Town Vigilante Killing
63%
Neutral Werewolf Killing
63%
Mafia Disguiser Deception
50%
Mafia Framer Deception
50%
Neutral Guardian Angel Benign
50%
Neutral Juggernaut Killing
50%
Town Lookout Investigative
50%
Town Retributionist Support
50%
Town Spy Investigative
50%
Neutral Witch Evil
50%
Mafia Blackmailer Support
38%
Coven Hex Master Evil
38%
Coven Medusa Evil
38%
Neutral Plaguebearer Chaos
38%
Coven Poisoner Evil
38%
Town Psychic Investigative
38%
Town Trapper Protective
38%
Mafia Ambusher Killing
25%
Town Jailor Killing
25%
Coven Necromancer Evil
25%
Town Tracker Investigative
25%
Town Transporter Support
25%
Mafia Hypnotist Deception
13%
No matching quizzes found
Score Distribution
Percent of People with Each Score
Percentile by Number Answered
Your Score History
You have not taken this quiz